| 000 | 01286nam a2200301 c 4500 | ||
|---|---|---|---|
| 003 | BLK | ||
| 005 | 20240303003954.0 | ||
| 008 | 180409b bul|||||r ||||||| ||bul|| | ||
| 010 | _aKNG00140868000 | ||
| 040 | _aBLK | ||
| 041 |
_aBUL _cBUL |
||
| 080 |
_aБългарска литература _b821.163.2 _x-17 _z821.163.2-17 |
||
| 100 |
_aГанчев, Марко _gПисател и поет, сатирик, преводач от немски и белоруски _d1932- _qМаринов, Марко Ганчев _eпърви автор _9267403 |
||
| 700 | 1 |
_aМаринов, Марко Ганчев _e* _9373605 |
|
| 139 |
_aГанчев, Марко _bГ 22 |
||
| 245 | 1 | 0 |
_aНищо смешно _bНови сатири _cМарко Ганчев; * Марко Ганчев Маринов. |
| 257 | _aBGR | ||
| 260 |
_аВарна _bГеорги Бакалов _c1988 |
||
| 300 |
_a91 с. _bс ил. _c21 см |
||
| 380 | _aX | ||
| 500 | _aАвт. не е отбелязан на кор. - 3 911 тир. | ||
| 852 | _aЦб 154119 | ||
| 856 | 4 |
_qpdf _u |
|
| 856 | 4 |
_qpdf _u |
|
| 942 |
_cKNG _n0 |
||
| 944 |
_aCR _c15.03.2013 _lCRON CRON _k |
||
| 944 |
_aED _c15.03.2013 _l15.03.2013 - от С1,Р / 15.03.2013 _k |
||
| 999 |
_c134947 _d134947 |
||